000 01523nam a2200313 a 4500
001 BRCA_3217
005 20190320204152.0
008 270209s1769----enka---###---#000-0#eng-#
041 _aeng
044 _aenk
084 _a518
_b.K45
_c1769
100 1 _aCervantes Saavedra, Miguel de
_d1547-1616
_9213
245 1 0 _aThe History of the Renowned Don Quixote de la Mancha
_cWritten Originally in Spanish by Miguel de Cervantes Saavedra. Translated in to English by George Kelly.
260 _aLondres
_bGeorge Kelly
_c1769
300 _a4 v.
_bil.
_c17 cm.
500 _aContenido : v.1. Primera parte . Prólogo del autor. Noticia biográfica sobre Cervantes. -- v.2. Texto. -- v.3. Segunda parte. Prólogo del autor. -- v.4. Texto
500 _aEdición : To Which are Added Notes on the More Difficult Passages. Ornamented with Many Elegant Copper-Plates
500 _aEs la traducción de Motteux ligeramente retocada en algunos pasajes por G. Kelly. Va acompañada de láminas anonimas de mala calidad. Semipiel; lomeras adornadas con filetes dorados Lúdovik Osterc
500 _aCon ex-libris de : John Measure
500 _aQM417
546 _aTexto en : inglés
650 1 4 _aNovela española
_yÉpoca clásica, 1500-1700
_9215
650 1 4 _aLiteratura española
_yÉpoca clásica, 1500-1700
_9216
650 1 4 _aNovela española
_ySiglo XVII
_9217
650 1 4 _aDon Quijote (Personaje ficticio)
_eNovela
_9218
740 0 _aEl Ingenioso Hidalgo Don Quijote de la Mancha
902 _aQFM
942 _2lcc
_cB
999 _c2953
_d2953